00589nam a22001817a 450000500170000001000150001702000270003202000240005903500130008303700130009608200110010924500770012026000450019727000640024230000260030650000500033270000250038220140826123154.0 aENG-110594 a9780198090380c1145.00 a0198090382c1145.00 aEN-94126 bDBAD/PUB a303.61 aNon-violence :cedited by Bidyut Chakrabartybchallenges and prospects / aNew DelhibOxford University Pressc2014 aYMCA Library Building, 1 Jai Singh Road bNew Delhie110001 alxxvi,413p.c23cm(Hb) aIncludes bibliographical references and index aChakrabarty, Bidyut